UBT Library

Contemporary business / (Record no. 44242)

000 -LEADER
fixed length control field 00655nam a2200229 a 4500
001 - CONTROL NUMBER
control field 2618880
005 - DATE AND TIME OF LATEST TRANSACTION
control field 20180307032442.0
008 - FIXED-LENGTH DATA ELEMENTS--GENERAL INFORMATION
fixed length control field 981028s1999 txua b 001 0 eng
010 ## - LIBRARY OF CONGRESS CONTROL NUMBER
LC control number 98085111
020 ## - INTERNATIONAL STANDARD BOOK NUMBER
International Standard Book Number 0030224721
040 ## - CATALOGING SOURCE
Original cataloging agency DLC
Transcribing agency DLC
041 ## - LANGUAGE CODE
Language code of text/sound track or separate title eng
080 ## - UNIVERSAL DECIMAL CLASSIFICATION NUMBER
Universal Decimal Classification number 658 lou
082 00 - DEWEY DECIMAL CLASSIFICATION NUMBER
Classification number 658 lou
Edition number 21
100 1# - Rafti
Rafti 60
101 ## - Shkurtesa
Shkurtesa bus
245 10 - TITLE STATEMENT
Title Contemporary business /
Statement of responsibility, etc Louis E. Boone, David L. Kurtz.
504 ## - BIBLIOGRAPHY, ETC. NOTE
Bibliography, etc Includes bibliographical references and indexes.
906 ## - LOCAL DATA ELEMENT F, LDF (RLIN)
a 7
b cbc
c orignew
d 2
e opcn
f 19
g y-gencatlg
942 ## - ADDED ENTRY ELEMENTS (KOHA)
Source of classification or shelving scheme
Item type Books
Holdings
Withdrawn status Lost status Source of classification or shelving scheme Damaged status Not for loan Collection code Permanent location Current location Shelving location Date acquired Total Checkouts Full call number Barcode Date last seen Price effective from Koha item type
          Koleksioni i përgjithshem UBT - Lipjan UBT - Lipjan Koleksioni i përgjithshem 03/07/2018   658 lou 002-3001015 03/07/2018 03/07/2018 Books
UBT Library © 2015-2024. All rights reserved University Education for Business and Technology